| 000 | 00769nam a22002175i 4500 | ||
|---|---|---|---|
| 001 | 161162 | ||
| 003 | ES-MaACL | ||
| 005 | 20230906212215.0 | ||
| 008 | 041020q18751900gw |||| | fre d | ||
| 040 |
_aCAM _bspa _cCAM |
||
| 100 | 1 |
_aOtto, Emil. _987950 |
|
| 245 | 1 | 0 | _a[Grammaire allemande]. |
| 260 |
_aHeidelberg : _b[s.n., _cs.a.] ( _fImprimerie de Jules Groos) |
||
| 300 |
_a422 p. ; _c19 cm. |
||
| 594 | _aTit. y autor tomados de pie de paginas. | ||
| 595 | _aPodría tratarse de la novena o la decima edicion. | ||
| 596 | _aPie de imp. tomado de colofón. | ||
| 596 | _aProbablemente impreso en el última cuarto del siglo XIX. | ||
| 650 | 0 | 4 |
_aLengua alemana- _vMétodos. _914086 |
| 852 |
_aES-MaACL _jB-6033 _z-- Enc. hol. _q-- Falto de la cub. original |
||
| 999 |
_c161162 _d161162 |
||